000
00288nam a22001337a 4500
008
190204b xxu||||| |||| 00| 0 eng d
020
_a
0030177962
041
_a
eng
080
_a
371
100
_a
25
101
_a
EDU
245
_a
Handbook for Writers
_c
Millward. C
942
_2
udc
_c
BK
999
_c
53938
_d
53938